| 000 -LEADER |
| fixed length control field |
02261cam a2200241 i 4500 |
| 020 ## - INTERNATIONAL STANDARD BOOK NUMBER |
| ISBN |
9789251070208 (set : pbk) |
| 020 ## - INTERNATIONAL STANDARD BOOK NUMBER |
| ISBN |
9251070202 (set : pbk) |
| 040 ## - CATALOGING SOURCE |
| Transcribing agency |
AU@ |
| 082 04 - DEWEY DECIMAL CLASSIFICATION NUMBER |
| Classification number |
664 SAN 2011 A038 Or. |
| 245 00 - TITLE STATEMENT |
| Title |
Cost-effective management tools for ensuring food quality and safety : |
| Remainder of title |
for small and medium agro-industrial enterprises / |
| 300 ## - PHYSICAL DESCRIPTION |
| Number of Pages |
5 volumes : |
| Other physical details |
color illustrations ; |
| Dimensions |
27 cm. |
| 490 1# - SERIES STATEMENT |
| Series statement |
FAO training materials for agricultural management, marketing and finance, |
| 500 ## - GENERAL NOTE |
| General note |
Issued in slipcase. |
| 520 3# - SUMMARY, ETC. |
| Summary, etc |
"The purpose of this manual is to improve and build the capacities of small and medium agro-industrial enterprises in order to guarantee the quality and safety of food products. The approach integrates the different factors that affect the capacity of a business to produce foods to meet market expectations and recognized standards, while maintaining and increasing the profitability and life of the business. Management and technical aspects are integrated through a practical and cost-effective approach. The manual includes four modules on the following subjects: the use of market information for improving quality management; systems and tools for improving quality and safety management in agro-industry; the application of quality management principles in small and medium agro-industrial enterprises; planning as a tool for improving quality and safety management. The manual contains case studies, exercises and bibliographic references, as well as a trainers' guide ... appendices with further reading, links of interest and a glossary. The manual aims to assist trainers and entrepreneurs wishing to use the material for self-learning. With this manual, the Food and Agriculture Organization of the United Nations (FAO) provides the small and medium agro-industry sector in developing countries with an important tool for improving competitiveness and the capacity to deliver high-quality products to consumers."--P. [4] of cover. |
| 650 #0 - SUBJECT ADDED ENTRY--TOPICAL TERM |
| Topical Term |
Food |
| 650 #0 - SUBJECT ADDED ENTRY--TOPICAL TERM |
| Topical Term |
Food |
| 650 #0 - SUBJECT ADDED ENTRY--TOPICAL TERM |
| Topical Term |
Food industry and trade |
| 650 #0 - SUBJECT ADDED ENTRY--TOPICAL TERM |
| Topical Term |
Food industry and trade |
| 700 1# - ADDED ENTRY--PERSONAL NAME |
| Personal name |
Santacoloma, Pilar. |
| 700 1# - ADDED ENTRY--PERSONAL NAME |
| Personal name |
Cuevas, Roberto, |
| 710 2# - ADDED ENTRY--CORPORATE NAME |
| Corporate name or jurisdiction name as entry element |
Food and Agriculture Organization of the United Nations. |
| 942 ## - ADDED ENTRY ELEMENTS (KOHA) |
| Koha item type |
សៀវភៅភាសាអង់គ្លេស |
| 952 ## - LOCATION AND ITEM INFORMATION (KOHA) |
| Withdrawn status [LOCAL, KOHA] |
0 |